000 00453nam a2200157Ia 4500
008 151021s9999 xx 000 0 und d
020 _a9.7818486018e+012
050 _aH 62 .H38 2006
245 _a_A Critical Introduction to Social Research / Matt Henn
260 _aNew Delhi : Sage, 2006
300 _axi,356 p.
500 _aIncludes index
650 _a_Social Research
700 _a_Weinstein Mark
980 _a^d20120119 02:47:42^oanne
999 _c8557
_d8557